2015 New York Mets Quiz - Statistics

General Stats
  • This quiz has been taken 783 times
  • The average score is 10 of 13
Answer Stats
Hint Answer % Correct
Beat this team in the NLDS Dodgers
89%
Swept this team to advance to World Series Cubs
87%
Winning Streak number in April 11
83%
Homered in 6 straight postseason game Daniel Murphy
78%
Nearley traded during a game Wilmer Flores
78%
Traded for him at the deadline Yoenis Cespedes
76%
Homered in 1st AB back from the DL David Wright
75%
Total wins in 2015 season 90
73%
Clinched the NL East against them Reds
73%
Returned from Tommy John Surgery Matt Harvey
69%
Represented the 2015 All Star team Jacob DeGrom
67%
3 hits and 4 RBIs in debut Steven Matz
57%
Made his major league debut in May Noah Syndergaard
53%
No matching quizzes found
Score Distribution
Percent of People with Each Score
Percentile by Number Answered
Your Score History
You have not taken this quiz